000 01097nam a2200241Ia 4500
003 Ost
005 20260507075636.0
008 260507s9999||||xx |||||||||||||| ||und||
020 _a7088337977
040 _cfsecg
041 _aara
082 _a350
100 _aبراون، كريستوف فريدريك فون
_eمؤلف
245 0 _aحرب الإبداع :
_bفن الإدارة بالأفكار /
_c كريستوف فريدريك فون براون
260 _aالقاهرة:
_bمركز الخبرات المهنية لإدارة بميك,
_c2000
300 _a257 صفحة؛
_bإيضاحات ؛
_c24 سم
490 _aسلسلة اصدارات بميك
_v11
520 _aالتجديد وحده لا يكفي- تاريخ البحث والتطوير الصناعي- هل تجاوز البحث والتطوير المدى -السقوط في فخ التصعيد- آثار ونتائج فخ التعجيل- استنتاجات
653 _aالإدارة
653 _aفن الإدارة
700 _a توفيق، عبد الرحمن
_eمؤلف ثانوي
942 _cكتاب
999 _c45297
_d45297